La Sierra de Guasayán y sus alrededores. Una contribución a la geología e hidrología de la provincia de Santiago del Estero, (Record no. 26680)

MARC details
000 -LEADER
fixed length control field 01368cam a22002651 4500
001 - CONTROL NUMBER
control field gs 28000440
003 - CONTROL NUMBER IDENTIFIER
control field DLC
005 - DATE AND TIME OF LATEST TRANSACTION
control field 20260227111333.0
008 - FIXED-LENGTH DATA ELEMENTS--GENERAL INFORMATION
fixed length control field 911112s1928 ag af b 000 0 spa c
010 ## - LIBRARY OF CONGRESS CONTROL NUMBER
LC control number gs 28000440
035 ## - SYSTEM CONTROL NUMBER
System control number (OCoLC)24767342
040 ## - CATALOGING SOURCE
Original cataloging agency Library, U. S. Geological Survey
Transcribing agency TxU
Modifying agency TxU
-- DLC
042 ## - AUTHENTICATION CODE
Authentication code premarc
050 00 - LIBRARY OF CONGRESS CALL NUMBER
Classification number QE231
Item number .A35 no. 39
100 1# - MAIN ENTRY--PERSONAL NAME
Personal name Beder, Robert,
Dates associated with a name 1885-
245 13 - TITLE STATEMENT
Title La Sierra de Guasayán y sus alrededores. Una contribución a la geología e hidrología de la provincia de Santiago del Estero,
Statement of responsibility, etc. por Roberto Beder ...
260 ## - PUBLICATION, DISTRIBUTION, ETC.
Place of publication, distribution, etc. Buenos Aires,
Name of publisher, distributor, etc. Talleres gráficos del Ministerio de agricultura de la nación,
Date of publication, distribution, etc. 1928.
300 ## - PHYSICAL DESCRIPTION
Extent 171 p. incl. illus., 8 pl., tables.
Dimensions 27 cm.
490 1# - SERIES STATEMENT
Series statement [Argentine Republic] Dirección general de minas, geología e hidrología. Publicación
Volume/sequential designation no. 39
500 ## - GENERAL NOTE
General note At head of title: República Argentina. Ministerio de agricultura de la nación.
501 ## - WITH NOTE
With note With : Datos hidrológicos del Desierto de Atacama (Territorio nacional de Los Andes). Buenos Aires : Talleres gráficos del Ministerio de agricultura de la nación,1927. Bound together subsequent to publication.
Institution to which field applies DLC
504 ## - BIBLIOGRAPHY, ETC. NOTE
Bibliography, etc. note Bibliographical foot-notes.
650 #0 - SUBJECT ADDED ENTRY--TOPICAL TERM
Topical term or geographic name entry element Geology
Geographic subdivision Argentina
-- Sierra de Guasayán.
810 1# - SERIES ADDED ENTRY--CORPORATE NAME
Corporate name or jurisdiction name as entry element Argentina.
Subordinate unit Dirección General de Minas y Geología.
Title of a work Publicación ;
Volume/sequential designation no. 39.

No items available.

Powered by Koha